000 00423nam a2200181Ia 4500
001 16552
005 20260306170318.0
008 260306t2001||||xx |||||||||||||| ||und||
041 _aESP
082 _a348.61
_bH46
100 _aHerrera, Beethoven
_eAUT
245 0 _aLa integración centroamericana en perspectiva
260 _c2001
300 _a
_c
650 _aGEN
654 _aCDE
942 _cLIB
_dJUS
_fJUS
_2ddc
_n
999 _c16552
_d16552